000
00325nam a22001337a 4500
008
170321b xxu||||| |||| 00| 0 eng d
020
_a
9780838514443
041
_a
eng
080
_a
616.12-008-073
100
_a
7
101
_a
SHM
245
_a
CURRENT DIAGNOSIS & TREATMENT IN CARDIOLOGY
_c
CRAWFORD, M.H
942
_2
udc
_c
BK
999
_c
8258
_d
8258